000 00693nam a2200229 i 4500
001 82695
003 ES-MaACL
005 20240611121458.0
007 t|
008 041111s1946 ag ||||1| spa d
100 1 _aInama, Vigilio.
_965228
245 1 3 _aLa literatura griega /
_cVigilio Inama ; [traducción de Alberto S. Bianchi].
260 _aBuenos Aires :
_bTridente,
_c[1946]
300 _a248 p. ;
_c20 cm.
490 1 _aImago mundi
650 0 0 _aLiteratura griega-
_xHistoria y crítica.
_914599
700 1 _aBianchi, Alberto S.
_928740
830 1 _aImago mundi (Tridente)
_9236940
852 _aES-MaACL
_jB-10503
942 _2udc
999 _c82695
_d82695